Les ministres de la Justice de la Ve République - Statistiques

Statistiques générales
  • Ce quiz a été pris 85 fois
  • Le résultat moyen est 9 sur 33
Statistiques - réponses
Intitulé du Ministre Début de mandat Fin de mandat Ministre % Correct
Garde des Sceaux, ministre de la Justice 6 juillet 2020 En cours Eric Dupond-Moretti
85%
Garde des Sceaux, ministre de la Justice 23 juin 1981 19 février 1986 Robert Badinter
81%
Garde des Sceaux, ministre de la Justice 16 mai 2012 27 janvier 2016 Christiane Taubira
76%
Garde des Sceaux, ministre de la Justice 18 mai 2007 23 juin 2009 Rachida Dati
69%
Garde des Sceaux, ministre de la Justice 21 juin 2017 6 juillet 2020 Nicole Belloubet
55%
Ministre d'EtatGarde des Sceaux, ministre de la Justice 17 mai 2017 21 juin 2017 François Bayrou
54%
Garde des Sceaux, ministre de la Justiceet des Libertés 23 juin 2009 13 novembre 2010 Michèle Alliot-Marie
43%
Garde des Sceaux, ministre de la Justice 4 juin 1997 18 octobre 2000 Élisabeth Guigou
41%
Garde des Sceaux, ministre de la Justice 27 janvier 2016 17 mai 2017 Jean-Jacques Urvoas
36%
Garde des Sceaux, ministre de la Justice 7 avril 1967 31 mai 1968 Louis Joxe
32%
Garde des Sceaux, ministre de la Justice 7 mai 2002 31 mai 2005 Dominique Perben
27%
Garde des Sceaux, ministre de la Justice 18 mai 1995 2 juin 1997 Jacques Toubon
26%
Garde des Sceaux, ministre de la Justice 18 octobre 2000 6 mai 2002 Marylise Lebranchu
26%
Garde des Sceaux, ministre de la Justice et des Libertés 14 novembre 2010 10 mai 2012 Michel Mercier
24%
Garde des Sceaux, ministre de la Justice 30 mars 1977 13 mai 1981 Alain Peyrefitte
16%
Garde des Sceaux, ministre de la Justice 28 mai 1974 12 janvier 1976 Jean Lecanuet
16%
Ministre d'EtatGarde des Sceaux, ministre de la Justice 12 janvier 1976 25 août 1976 Jean Lecanuet
16%
Garde des Sceaux, ministre de la Justice 2 juin 2005 15 mai 2007 Pascal Clément
16%
Garde des Sceaux, ministre de la Justice 22 mai 1981 22 juin 1981 Maurice Faure
15%
Garde des Sceaux, ministre de la Justice 20 mars 1986 10 mai 1988 Albin Chalandon
14%
Garde des Sceaux, ministre de la Justice 12 mai 1988 2 octobre 1990 Pierre Arpaillange
14%
Ministre d'EtatGarde des Sceaux, ministre de la Justice 30 mars 1993 11 mai 1995 Pierre Méhaignerie
12%
Garde des Sceaux, ministre de la Justice 22 juin 1969 15 mars 1973 René Pleven
11%
Garde des Sceaux, ministre de la Justice 15 avril 1962 1er avril 1967 Jean Foyer
8%
Garde des Sceaux, ministre de la Justice 2 avril 1992 29 mars 1993 Michel Vauzelle
8%
Garde des Sceaux, ministre de la Justice 5 avril 1973 27 février 1974 Jean Taittinger
7%
Ministre d'EtatGarde des Sceaux, ministre de la Justice 1er mars 1974 27 mai 1974 Jean Taittinger
7%
Garde des Sceaux, ministre de la Justice 8 janvier 1959 24 août 1961 Edmond Michelet
5%
Garde des Sceaux, ministre de la Justice 2 octobre 1990 2 avril 1992 Henri Nallet
5%
Garde des Sceaux, ministre de la Justice 19 février 1986 20 mars 1986 Michel Crépeau
5%
Ministre d'EtatGarde des Sceaux, ministre de la Justice 27 août 1976 29 mars 1977 Olivier Guichard
5%
Garde des Sceaux, ministre de la Justice 31 mai 1968 28 avril 1969 René Capitant
5%
Garde des Sceaux, ministre de la Justice 24 août 1961 14 avril 1962 Bernard Chenot
3%
Aucun quiz correspondant
Distribution des résultats
% des personnes avec chaque résultat
Percentile par nombre de réponses
Votre historique - résultats
Vous n’avez pas pris ce quiz